| 000 | 00813nam a2200229 i 4500 | ||
|---|---|---|---|
| 001 | 181491 | ||
| 003 | ES-MaACL | ||
| 005 | 20231222063112.0 | ||
| 008 | 130123s2002 sp af |||| | spa d | ||
| 020 | _a84-01-37814-1 | ||
| 080 | _a(054)(460.27 M.)(091) | ||
| 100 | 1 |
_aOlmos, Víctor, _d1935- _986991 |
|
| 245 | 1 | 0 |
_aHistoria del ABC / _cVíctor Olmos. |
| 250 | _a1ª ed. | ||
| 260 |
_a[Barcelona] : _bPlaza & Janés, _c2002. |
||
| 300 |
_a719 p., 24 p. de lám. : _bil. ; _c23 cm. |
||
| 630 | 0 | 4 |
_aABC (Madrid. Ed. impresa)- _vHistoria. _9152132 |
| 852 |
_aES-MaACL _jN-5564 _9188392 _bR.148750 _cDEPO1 _dOlim: N-5564 _xDonación: Víctor Olmos _zDedicatoria autógrafa del autor |
||
| 903 |
_aOlmos, Víctor, _d1935- _ednr _eAteneista _986991 |
||
| 942 |
_2udc _cMONOGRAFIA |
||
| 999 |
_c181491 _d181491 |
||